000 00898nam a2200241Ia 4500
008 130821s1996 xxua gr eng
020 _a9780252065354
040 _aCo-BoUCM
_bspa
041 0 0 _aeng
245 0 0 _aLegal reelism movies as legal texts
_ceditado por John Denvir
260 _aUrbana (Illinois, Estados Unidos)
_bUniversity of Illinois Press
_c1996
300 _axviii, 314 páginas
_bilustraciones
504 _aIncluye bibliografía e índice
650 0 4 _aArte
_99444
650 0 4 _aDerecho en el cine
_912761
650 0 4 _aFilosofía del derecho
_915792
650 0 4 _aJusticia en el cine
_918202
650 0 4 _aPelículas cinematográficas
_vAspectos sociales
_97903
650 0 4 _aPelículas cinematográficas
_xAspectos morales y éticos
_97903
700 1 _aDenvir, John
_d1942-
_9165353
942 _cLIBRO
_2DEWEY
_a17
_e1
_h340.1
_mL496
999 _c61058
_d61058